| 000 | 00457nam a2200181Ia 4500 | ||
|---|---|---|---|
| 001 | 24725 | ||
| 005 | 20260414151102.0 | ||
| 008 | 260414t2015||||xx |||||||||||||| ||spa|| | ||
| 041 | _aESP | ||
| 082 |
_a345.726 _bV65 |
||
| 100 |
_aVilela Carbajal, Karla _eAUT |
||
| 245 | 0 |
_aLas nulidades procesales en el derecho procesal civil _b |
|
| 260 | _c2015 | ||
| 300 |
_a332 páginas : _c25 cm. |
||
| 650 | _aDER | ||
| 654 | _aCDE | ||
| 942 |
_cLIB _dJUS _fJUS _2ddc _n |
||
| 999 |
_c24725 _d24725 |
||